000 01214nam a2200301 i 4500
003 EG-GICUC
005 20260310145311.0
008 260310s1968 ua ||||fr|||| 000 0 ara d
040 _a EG-GICUC
_bara
_c EG-GICUC
_d EG-GICUC
_erda
041 1 _aara
_hheb
082 0 4 _221
_a341.6
_bش ل . م
092 0 4 _221
099 _aLaw1 11 1968 341.6 ش ل . م
100 0 _aشلومو نيكدمون ،
_eمؤلف.
245 1 0 _aما قبل ساعة الصفر :
_bقصة الأحداث التى سبقت حرب الأيام الستة /
_cتأليف الصحفي الإسرائيلي شلومو نيكدمون .
264 1 _aالقاهرة :
_bوزارة الارشاد القومي - الهيئة العامة للاستعلامات ،
_c١٩٦٨ .
300 _a267 ؛ صفحة
_c24 سم
336 _2rda content
_atext
337 _2rda media
_aComputer
338 _2rda carrier
_aOnline Resource
504 _aيشتمل على ارجاعات ببليوجرافية .
546 _aالنص باللغة العربية
650 1 4 _aالقانون الحربي
_2qrmak
651 1 _2qrmak
856 4 0 _uhttps://fll.law.cu.edu.eg/fulltext/bks/B11-03777.pdf
905 _a76
942 _2ddc
_cBK
_e21
_n0
999 _c65984
_d65984